Prehľad platných právnych predpisov ČSSR vyhlásených v Zbierke zákonov, Zbierke zákonov SNR, Úradnom liste a v Úradnom vestníku od r.1945 do 30. júna 1989

Na minha lista:
Detalhes bibliográficos
Outros Autores: Novák, Anton
Formato: Livro
Idioma:eslovaco
Publicado em: Bratislava Pramene 1989
Edição:1. vyd.
Tags: Adicionar Tag
Sem tags, seja o primeiro a adicionar uma tag!

MARC

LEADER 00000nam a2200000 4500
001 c035644
005 20221128073655.3
041 0 |a slo 
044 |a SK 
245 1 0 |a Prehľad platných právnych predpisov ČSSR vyhlásených v Zbierke zákonov, Zbierke zákonov SNR, Úradnom liste a v Úradnom vestníku od r.1945 do 30. júna 1989  |c Hl. zost. Anton Novák 
250 |a 1. vyd. 
264 1 |a Bratislava  |b Pramene  |c 1989 
300 |a 826 s. 
700 1 |a Novák, Anton